000
00424nam a2200145Ia 4500
008
151213s9999 xx 000 0 und d
100
_a
ইফ্ফাত আরা
245
_a
দ্বিতীয় চিন্তা
_c
ইফ্ফাত আরা
260
_a
ঢাকা
_c
1999
300
_a
8461 p.
650
_a
Bangla
650
_a
Bengali Literature
700
_a
ইফ্ফাত আরা
999
_c
4299
_d
4299